Separovanie odpadov vrstvených lepených skiel (VLS)

Salvato in:
Dettagli Bibliografici
Autore principale: Makeš, Patrik (Autore)
Altri autori: Šooš, Ľubomír (Relatore della tesi)
Natura: Manoscritto Libro
Lingua:slovacco
Pubblicazione: 2016
Soggetti:
Accesso online:http://is.stuba.sk/zp/portal_zp.pl?podrobnosti=133220
Tags: Aggiungi Tag
Nessun Tag, puoi essere il primo ad aggiungerne!!

MARC

LEADER 00000ntm a22000003a 4500
001 stuzp59311
003 SK-STU
005 20160719155823.3
007 ta
008 150427s2015----xo-----f-mn---000-0-slo-d
040 |a STU  |b slo 
041 0 |a slo 
100 1 |a Makeš, Patrik  |u 020070  |4 aut  |U SjF Strojnícka fakulta  |T SjF Ústav výrobných systémov, enviromentálnej techniky a manažment kvality  |X 63058  |U J0070  |Y 804  |7 63058 
242 0 1 |a Waste separation of laminated glass  |y eng 
245 1 0 |a Separovanie odpadov vrstvených lepených skiel (VLS) 
260 |c 2016 
650 4 |a sklo  |2 slo 
650 4 |a fólia  |2 slo 
650 4 |a zhodnotenie  |2 slo 
650 4 |a stroj  |2 slo 
650 4 |a separácia  |2 slo 
650 4 |a vrstvené lepené sklo  |2 slo 
650 4 |a glass  |2 eng 
650 4 |a machine  |2 eng 
650 4 |a PVB foil  |2 eng 
650 4 |a separation  |2 eng 
650 4 |a laminated safety glass  |2 eng 
700 1 |a Šooš, Ľubomír  |u 020070  |k Z1  |4 ths  |U SjF Strojnícka fakulta  |T SjF Ústav výrobných systémov, enviromentálnej techniky a manažment kvality  |X 2372  |U J0070  |Y 804  |7 A000002372 
856 4 |u http://is.stuba.sk/zp/portal_zp.pl?podrobnosti=133220 
996 |b 284J044031  |c J* 2321/BP  |l JJSK  |s A  |a 24  |w stuzp59311_0001 
SQL |a stuzp59311  |b DBP  |c SLO  |d Separovanie odpadov vrstvených lepených skiel (VLS)  |e 63058  |f Makeš, Patrik  |g 020070  |h 2372  |i Šooš, Ľubomír  |j 20160614  |k 1127  |l 02  |m http://is.stuba.sk/zp/portal_zp.pl?podrobnosti=133220  |n B-EVT  |o 5.2.50. výrobná technika